000 00527nam a2200181Ia 4500
999 _c29637
_d29637
003 OSt
005 20210111131224.0
008 190216s9999||||xx |||||||||||||| ||und||
020 _a9788182648005
040 _coclc
082 _a894.8122
_bLOH/K
100 _aLohithadas, A K
_98110
245 0 _aKireedam /
_cA K Lohithadas
260 _bMathrubhumi Printing &publishing,
_c2009.
_aKozhikode:
300 _a119p
650 _aMalayalam Nadakam
942 _cBK
_2ddc
_h894.8122
_iLOH/K
_k894.8122
_mLOH/K